Statistics for The Hindu Pantheon

Click here to take the quiz!

General Stats

  • This quiz has been taken 56 times
  • The average score is 10 of 15

Answer Stats

DesignationGod or Demigod% Correct
Destroyer of the Universe and wielder of the TridentShiva
98%
Protector of the UniverseVishnu
98%
Creator of the Universe and three-headed GodBrahma
88%
King of the Gods and God of ThunderIndra
81%
Wife of the above and Goddess of WealthLakshmi
77%
God of FireAgni
71%
Goddess of LearningSaraswati
71%
Mace-wielding destroyer of the army of RavanaHanuman
65%
Manifestation of the supreme female Shakti and slayer of MahishasurDurga
63%
God of DeathYama
60%
Father of the above and wind godVayu
54%
The God of the Sun, Light, Day and WisdomSurya
52%
Son of Indra who wields the bow GandeevaArjuna
42%
Ruler of the Seas and wielder of the nooseVaruna
38%
Physicians of the GodsAshwini Kumaras
4%

Score Distribution

Percentile by Number Answered

Percent of People with Each Score

Your Score History

You have not taken this quiz